00813 2200277 4500001002100000005001700021008004100038020001800079035002400097082001100121090001800132100002000150245013000170250001100300260003500311300002300346500003100369650003400400700002400434850001500458980001400473985000600487986001200493999001500505999001500520YOGYA-0209000001098520090227022105.0 ind  a979-539-060-0 0010-020900000010985 a307.72 a307.72bSuy P aSUYANTO, Bagong aPerangkap kemiskinan, problem dan strategi pengentasannya dalam pembangunan desacBagong suyanto ; editor, Hartono Hadikusumo aCet. 1 aYogyakartabAditya Mediac1996 aix, 124 hlmc21 cm aBibliografi : hlm. 119-124 aKemiskinan - Pembangunan desa aHadikusumo, Hartono aYOPDYOG(B) a08-8-2005 a2 aPrrtrev a00P0004893 a00P0004894